| 000 | 01220nam a22002777a 4500 | ||
|---|---|---|---|
| 005 | 2010091802302.0 | ||
| 008 | 100915t xxu||||| |||| 00| 0 hin d | ||
| 010 | _aHIN-91952 | ||
| 020 |
_c350.00 _a8190278790 |
||
| 035 | _aHN-64298 | ||
| 037 | _bDBAD / PUB | ||
| 040 |
_aDPL _bHN |
||
| 082 | _a822 | ||
| 100 |
_920178 _aभारतेन्दु हरिश्चन्द्र |
||
| 245 |
_aभारतेन्दु हरिश्चन्द्र के श्रेष्ठ नाटक / _cभारतेन्दु हरिश्चन्द्र |
||
| 260 |
_aमथुरा _bकृष्णकांत ब्रदर्स _c2010 |
||
| 270 |
_a1656 बाढ़पुरा कालोनी सदर बाजार रोड _bमथुरा _e281001 (उ.प्र.) |
||
| 300 |
_a234पृ. _c22सेमी (सजिल्द) |
||
| 650 |
_91159 _aहिन्दी नाटक |
||
| 650 |
_926117 _aHindi Play |
||
| 700 | _920179 | ||
| 700 | _920333 | ||
| 700 | _920540 | ||
| 942 |
_2ddc _cHN _mभारते _h822 |
||
| 999 |
_c50885 _d50885 |
||